00438cam a2200169ua 45000010005000000080039000050400009000440820013000531000036000662450039001022500009001412600044001503000017001946530019002116530024002306530014002542657110909n ii |||gr||||Z||||||asm cMAIN a891.4512 aChoudhury, Prasanalal,eAuthor.11aNeelambarcby Prasanalal Choudhury a3rd. aNalbari:bDutta baruah and company,964. a133p:c23cm. aAssamese drama aAssamese literature aNeelambar